<?xml version="1.0" encoding="UTF-8"?>
<record
    xmlns:xsi="http://www.w3.org/2001/XMLSchema-instance"
    xsi:schemaLocation="http://www.loc.gov/MARC21/slim http://www.loc.gov/standards/marcxml/schema/MARC21slim.xsd"
    xmlns="http://www.loc.gov/MARC21/slim">

  <leader>01818nam a2200409 a 4500</leader>
  <controlfield tag="001">000013498</controlfield>
  <controlfield tag="003">DO-SdBNP</controlfield>
  <controlfield tag="005">20180313124313.0</controlfield>
  <controlfield tag="007">000013498</controlfield>
  <controlfield tag="008">150130s2012    dr ac         000 0 spa d</controlfield>
  <datafield tag="020" ind1=" " ind2=" ">
    <subfield code="a">9789945173925 </subfield>
  </datafield>
  <datafield tag="040" ind1=" " ind2=" ">
    <subfield code="a">BPMSU</subfield>
    <subfield code="b">spa</subfield>
    <subfield code="c">BPMSU</subfield>
  </datafield>
  <datafield tag="082" ind1="0" ind2="4">
    <subfield code="a">372.6561</subfield>
    <subfield code="b">L566e    2do.   2012</subfield>
  </datafield>
  <datafield tag="245" ind1="0" ind2="0">
    <subfield code="a">Lengua y literatura 2 : </subfield>
    <subfield code="b">educaci&#xF3;n b&#xE1;sica /</subfield>
    <subfield code="c">colaboraci&#xF3;n &#xC1;xel Alfaro, Natalia Olivero Huffman; coordinaci&#xF3;n editorial Anna Rogero Soler ; ilustraciones Cristian Bernardini </subfield>
  </datafield>
  <datafield tag="260" ind1=" " ind2=" ">
    <subfield code="a">Santo Domingo :</subfield>
    <subfield code="b">SM,</subfield>
    <subfield code="c">2012.</subfield>
  </datafield>
  <datafield tag="300" ind1=" " ind2=" ">
    <subfield code="a">199 p. : </subfield>
    <subfield code="b">il., retrs. ;</subfield>
    <subfield code="c">29 cm.</subfield>
  </datafield>
  <datafield tag="490" ind1="1" ind2=" ">
    <subfield code="a">Proyecto S&#xE9;</subfield>
  </datafield>
  <datafield tag="500" ind1=" " ind2=" ">
    <subfield code="a">Este libro ha sido realizado de acuerdo al curr&#xED;culum vigente y ha sido sometido a la aprobaci&#xF3;n del Ministerio de Educaci&#xF3;n.</subfield>
  </datafield>
  <datafield tag="505" ind1="1" ind2=" ">
    <subfield code="t">Me gusta ser as&#xED; --</subfield>
    <subfield code="t">Palabras m&#xE1;gicas --</subfield>
    <subfield code="t">&#xA1;Que viva la comprensi&#xF3;n! --</subfield>
    <subfield code="t">&#xA1;Correo! --</subfield>
    <subfield code="t">Orgullo de mi familia --</subfield>
    <subfield code="t">Puedo vencer el miedo --</subfield>
    <subfield code="t">&#xA1;A jugar se ha dicho! --</subfield>
    <subfield code="t">Te cuento un cuento --</subfield>
    <subfield code="t">Me comunico con el mundo --</subfield>
    <subfield code="t">&#xA1;No te rindas! --</subfield>
    <subfield code="t">Una lecci&#xF3;n para aprender.</subfield>
  </datafield>
  <datafield tag="650" ind1=" " ind2="4">
    <subfield code="a">ESPA&#xD1;OL</subfield>
    <subfield code="x">ENSE&#xD1;ANZA B&#xC1;SICA</subfield>
  </datafield>
  <datafield tag="650" ind1=" " ind2="4">
    <subfield code="a">ESPA&#xD1;OL</subfield>
    <subfield code="x">EDUCACI&#xD3;N PRIMARIA</subfield>
  </datafield>
  <datafield tag="650" ind1=" " ind2="4">
    <subfield code="a">EDUCACI&#xD3;N PRIMARIA </subfield>
    <subfield code="z">REP&#xDA;BLICA DOMINICANA</subfield>
  </datafield>
  <datafield tag="650" ind1=" " ind2="4">
    <subfield code="a">ESPA&#xD1;OL</subfield>
    <subfield code="x">ESTUDIOS Y EJERCIOS</subfield>
  </datafield>
  <datafield tag="650" ind1=" " ind2="4">
    <subfield code="a">ESPA&#xD1;OL</subfield>
    <subfield code="x">LIBROS DE TEXTOS</subfield>
  </datafield>
  <datafield tag="700" ind1="1" ind2=" ">
    <subfield code="a">Alfaro, &#xC1;xel</subfield>
  </datafield>
  <datafield tag="700" ind1="1" ind2=" ">
    <subfield code="a">Olivero Huffman, Natalia</subfield>
  </datafield>
  <datafield tag="700" ind1="1" ind2=" ">
    <subfield code="a">Olivero Huffman, Natalia</subfield>
  </datafield>
  <datafield tag="700" ind1="1" ind2=" ">
    <subfield code="a">Rogero Soler, Anna</subfield>
    <subfield code="e">coord.</subfield>
  </datafield>
  <datafield tag="700" ind1="1" ind2=" ">
    <subfield code="a">Rogero Soler, Anna,</subfield>
    <subfield code="e">ed.</subfield>
  </datafield>
  <datafield tag="710" ind1="1" ind2=" ">
    <subfield code="a">Rep&#xFA;blica Dominicana.</subfield>
    <subfield code="b">Ministerio de Educaci&#xF3;n</subfield>
  </datafield>
  <datafield tag="830" ind1=" " ind2="0">
    <subfield code="a">Proyecto S&#xE9;</subfield>
  </datafield>
  <datafield tag="910" ind1=" " ind2=" ">
    <subfield code="a">Validado. Control de calidad MFF</subfield>
  </datafield>
  <datafield tag="942" ind1=" " ind2=" ">
    <subfield code="2">ddc</subfield>
    <subfield code="c">BK</subfield>
  </datafield>
  <datafield tag="945" ind1=" " ind2=" ">
    <subfield code="a">Remanejado para la BNPHU / 2018 VM</subfield>
  </datafield>
  <datafield tag="952" ind1=" " ind2=" ">
    <subfield code="0">0</subfield>
    <subfield code="1">0</subfield>
    <subfield code="2">ddc</subfield>
    <subfield code="4">0</subfield>
    <subfield code="7">0</subfield>
    <subfield code="8">CE</subfield>
    <subfield code="a">BPMET</subfield>
    <subfield code="b">BPMET</subfield>
    <subfield code="d">2015-08-05</subfield>
    <subfield code="l">0</subfield>
    <subfield code="o">372.6561 A385L    2do.   2012</subfield>
    <subfield code="p">BPMSU15080033</subfield>
    <subfield code="r">2015-08-05</subfield>
    <subfield code="w">2015-08-05</subfield>
    <subfield code="y">BK</subfield>
  </datafield>
  <datafield tag="952" ind1=" " ind2=" ">
    <subfield code="0">0</subfield>
    <subfield code="1">0</subfield>
    <subfield code="2">ddc</subfield>
    <subfield code="4">0</subfield>
    <subfield code="7">0</subfield>
    <subfield code="8">CE</subfield>
    <subfield code="a">BPMET</subfield>
    <subfield code="b">BPMET</subfield>
    <subfield code="d">2018-03-13</subfield>
    <subfield code="l">0</subfield>
    <subfield code="o">372.6561 L566e    2do.   2012</subfield>
    <subfield code="p">BPMSU18030054</subfield>
    <subfield code="r">2018-03-13</subfield>
    <subfield code="w">2018-03-13</subfield>
    <subfield code="y">BK</subfield>
  </datafield>
  <datafield tag="956" ind1=" " ind2=" ">
    <subfield code="a">VMATEO</subfield>
    <subfield code="b">10</subfield>
    <subfield code="c">20150805</subfield>
    <subfield code="l">BPMSU</subfield>
    <subfield code="h">00151</subfield>
  </datafield>
  <datafield tag="956" ind1=" " ind2=" ">
    <subfield code="a">LOPEREZ</subfield>
    <subfield code="b">10</subfield>
    <subfield code="c">20161105</subfield>
    <subfield code="l">BPMSU</subfield>
    <subfield code="h">00041</subfield>
  </datafield>
  <datafield tag="999" ind1=" " ind2=" ">
    <subfield code="c">8061</subfield>
    <subfield code="d">8061</subfield>
  </datafield>
</record>
